000 00947nam a22002057a 4500
999 _c63350
_d63350
003 Ge_BSU
005 20250923202753.0
008 250923s2025 ge ||||| |||| 00| 0 geo d
020 _a9789941880827
041 _ageo
080 _a629.5(479.22) მ-42
100 _aმაცაბერიძე, მალხაზ
_925862
245 _a"მიხეილი" :
_bქართული სამხედრო გემის ისტორია /
_cმალხაზ მაცაბერიძე.
264 _aთბილისი,
_c2025.
300 _a48 გვ. :
_bილ. ;
_c20 სმ.
504 _aბიბლიოგრაფია ტექსტის შენიშვნებში და გვ. 46.
520 _aრეზიუმე ინგლისურ ენაზე.
653 _aქართული სამხედრო გემის ისტორია
942 _2udc
_cᲬᲘᲒᲜᲘ